000 00685nam a2200241 i 4500
001 C2-0112736
003 PPAK
005 20180727104015.0
008 970702s1987 txua|||| ||||| | eng d
020 _a0817232613
040 _aPPAK
_beng
_cPPAK
_erda
082 0 4 _a629.2222
_223
090 0 0 _a629.2222
_bKAN
_dK
100 1 _aKanetzke, Howard W.,
_eauthor
245 1 4 _aThe story of cars
264 1 _aAustin, Texas :
_bRaintree Steck-Vaughn ,
_c1987
300 _a47 pages :
_bcolour illustrations ;
_c23 cm
336 _2rdacontent
_atext
337 _2rdamedia
_aunmediated
338 _2rdacarrier
_avolume
650 1 0 _aAutomobiles - Juvenile literature
942 _ddc
_cB
999 _c28437
_d28437